000 00551nam a2200193Ia 4500
005 20250508155730.0
008 008 250505s9999 xx 000 0 eng d
037 _aTextual
040 _aFEDL
_beng
_cFEDL
041 _aeng
_2eng
084 _a372, TIP
_qFEDL
100 _aTippett James S.(et.al).
_9767363
245 0 _aCurriculum making in an elementary school
260 _aBoston, USA
_bGinn and Company
_c1927
300 _avi,359p
650 _aElementary Education
942 _cTEXL
_h372, TIP
999 _c1359002
_d1359002